An introduction to the social and economic history of Germany : (Record no. 516703)

000 -LEADER
fixed length control field 00359nam a22000977a 4500
082 ## - DEWEY DECIMAL CLASSIFICATION NUMBER
Classification number TNC T0x43 B634
100 ## - MAIN ENTRY--PERSONAL NAME
Personal name Bohme, Helmut
9 (RLIN) 23270
245 ## - TITLE STATEMENT
Title An introduction to the social and economic history of Germany :
Remainder of title Politics and economic change in the nineteenth and twentieth centuries
Statement of responsibility, etc By Helmut Bohme
260 ## - PUBLICATION, DISTRIBUTION, ETC. (IMPRINT)
Place of publication, distribution, etc New York
Name of publisher, distributor, etc St. Martin
Date of publication, distribution, etc 1978
300 ## - PHYSICAL DESCRIPTION
Extent 171p.
Holdings
Withdrawn status Lost status Source of classification or shelving scheme Damaged status Koha normalized classification for sorting Not for loan Permanent location Current location Date acquired Full call number Barcode Date last seen Price effective from Koha item type
        TNC_T0X43_B634   Indian Institute of Public Administration Indian Institute of Public Administration 2021-03-11 TNC T0x43 B634 GR23356 2021-03-11 2021-03-11 GR

Powered by Koha